| 000 | 00000nam 2200000zi 4500 |
| 001 | 9.934696 |
| 003 | CaOODSP |
| 005 | 20240513110520 |
| 006 | m o d f |
| 007 | cr cn||||||||| |
| 008 | 240229e202403 onca ob f000 0 eng d |
| 020 | |a9780660705385 |
| 040 | |aCaOODSP|beng|erda|cCaOODSP |
| 043 | |an-cn--- |
| 086 | 1 |aFs70-6/2024-017E-PDF |
| 245 | 00|aEnvironmental and indirect human health risk assessment of Glofish Electric Green, Starfire Red, Sunburst Orange, and Galactic Purple Pristella Tetras (Pristella maxillaris) : |btransgenic ornamental fishes. |
| 264 | 1|aOttawa : |bCanadian Science Advisory Secretariat, |cMarch 2024. |
| 264 | 4|c©2024 |
| 300 | |a1 online resource (25 pages) : |billustrations |
| 336 | |atext|btxt|2rdacontent |
| 337 | |acomputer|bc|2rdamedia |
| 338 | |aonline resource|bcr|2rdacarrier |
| 490 | 1 |aScience advisory report, |x1919-5087 ; |v2024/017 |
| 500 | |aCaption title. |
| 500 | |aIssued also in French under title: Évaluation des risques pour l’environnement et des risques indirects pour la santé humaine posés par les tétras rayon-X (Pristella maxillaris) GloFish Electric Green, Starfire Red, Sunburst Orange et Galactic Purple : des poissons d'ornement transgéniques. |
| 500 | |aTitle appears with a registered trademark symbol after each ornamental fish. |
| 504 | |aIncludes bibliographical references (pages 18-20). |
| 650 | 0|aTransgenic fish|xEnvironmental aspects|zCanada. |
| 650 | 0|aTransgenic fish|xHealth aspects|zCanada. |
| 650 | 0|aTransgenic fish|xRisk assessment|zCanada. |
| 710 | 2 |aCanadian Science Advisory Secretariat, |eissuing body. |
| 710 | 1 |aCanada. |bDepartment of Fisheries and Oceans. |bNational Capital Region, |eissuing body. |
| 775 | 08|tÉvaluation des risques pour l'environnement et des risques indirects pour la santé humaine posés par les tétras rayon-X (Pristella maxillaris) GloFish Electric Green, Starfire Red, Sunburst Orange et Galactic Purple : |w(CaOODSP)9.934698 |
| 830 | #0|aScience advisory report (Canadian Science Advisory Secretariat)|x1919-5087 ; |v2024/017.|w(CaOODSP)9.506226 |
| 856 | 40|qPDF|s591 KB|uhttps://publications.gc.ca/collections/collection_2024/mpo-dfo/fs70-6/Fs70-6-2024-017-eng.pdf |